000 00845cam a2200277 a 4500
001 2132
003 BD-RjUL
005 20211208233505.0
008 131210s2001 maua b 001 0 eng d
020 _a0205319491
035 _a(BD-RjUL)2159
040 _aDLC
_cDLC
_dDLC
_dBD-RjUL
_beng
041 _aeng
082 0 0 _a305.0973
_221
_bHUS 2001
100 1 _aHurst, Charles E.
_96994
245 1 0 _aSocial inequality :
_bforms, causes, and consequences /
_cCharles E. Hurst.
250 _a4th ed.
260 _aBoston :
_bAllyn and Bacon,
_cc2001.
300 _axi, 436 p. :
_bill. ;
_c24 cm.
504 _aIncludes bibliographical references (p. 391-431) and index.
650 0 _aEquality
_zUnited States.
_96995
651 0 _aUnited States
_xSocial conditions.
_96996
942 _2ddc
_cBK
999 _c2132
_d2132